000 00734nam a22002537i 4500
003 URS
005 20220114152837.0
008 170525b xxu||||| |||| 00| 0 eng d
020 _a9789719905851
040 _erda
_cURSP-College LIbrary
_beng
050 _b174 Sa2v 2015
100 1 _aSaidali, Margarita A.
245 _aValues and work ethics
_cMargarita A. Saidali
264 1 _aManila
_bMindshapers Company,Inc.
_c2015.
300 _avii, 105 pages
_billustrations
_c23cm
336 _atext
_btxt
_2rdacontent
337 _aunmediated
_bn
_2rdamedia
338 _avolume
_bnc
_2rdacarrier
500 _aIncludes references
650 0 _aValues.
650 0 _aEthics.
700 1 _aSaidali, Jamael Ferdinand R.
942 _cF
_2lcc
999 _c7712
_d7712